[Event "Cappelle op"]
[Site "Cappelle la Grande"]
[Date "1993.??.??"]
[Round "4"]
[White "Rytshagov, Mikhail"]
[Black "Arakhamia, Ketevan"]
[Result "1-0"]
[WhiteElo "2435"]
[BlackElo "2440"]

1.e4 c5 2.Nf3 Nc6 3.Nc3 e6 4.d4 cxd4 5.Nxd4 Nf6 6.Be2 Bb4 7.Qd3 d5 8.exd5 Qxd5
9.Nxc6 Qxd3 10.Bxd3 bxc6 11.Bd2 Nd5 12.Ne4 O-O 13.O-O-O a5 14.a3 Be7 15.c4 Ba6
16.Bxa5 Bxc4 17.Bxc4 Rxa5 18.Rhe1 Rb8 19.Kc2 f5 20.Nd2 Bf6 21.Nb3 Ra4 22.Bd3 Rf4
23.Rd2 Kf7 24.g3 Rf3 25.Bc4 Rb6 26.Ree2 Ke7 27.Rxd5 cxd5 28.Bxd5 Rxf2 29.Rxf2 exd5
30.Rxf5 Ke6 31.Rf2 Ke5 32.Rf4 Rc6+ 33.Kd1 Rb6 34.Nc5 Kd6 35.b4 Bb2 36.Na4  1-0

[Event "Cappelle op"]
[Site "Cappelle la Grande"]
[Date "1993.??.??"]
[Round "5"]
[White "Istratescu, Andrei"]
[Black "Klarenbeek, Mark"]
[Result "1/2-1/2"]
[WhiteElo "2470"]
[BlackElo "2375"]

1.e4 c5 2.Nf3 e6 3.d4 cxd4 4.Nxd4 Nc6 5.Nc3 a6 6.g3 Nge7 7.Bg2 Nxd4 8.Qxd4 Nc6
9.Qd1 Be7 10.O-O O-O 11.Be3 b5 12.Nd5 exd5 13.exd5 Bb7 14.dxc6 Bxc6 15.c3 Re8
16.Qd2 Qb8 17.Rad1 Qb7 18.Bxc6 dxc6 19.Qd7 Qxd7 20.Rxd7 Kf8 21.Rfd1 Red8
22.Bb6 Rxd7 23.Rxd7 Ke8 24.Rb7 c5 25.b3 Rc8 26.a4 c4 27.axb5 axb5 28.bxc4 Rxc4
29.Ba5 Bf6 30.Rxb5  1/2-1/2

[Event "Cappelle op"]
[Site "Cappelle la Grande"]
[Date "1993.??.??"]
[Round "8"]
[White "Lane, Gary W"]
[Black "Arakhamia, Ketevan"]
[Result "1-0"]
[WhiteElo "2420"]
[BlackElo "2440"]

1.e4 c5 2.Nc3 Nc6 3.Nf3 e6 4.d4 cxd4 5.Nxd4 Nf6 6.Ndb5 d6 7.Bf4 e5 8.Bg5 a6
9.Na3 b5 10.Bxf6 gxf6 11.Nd5 f5 12.g3 Bg7 13.Bg2 O-O 14.exf5 e4 15.Qg4 Nd4
16.Bxe4 Re8 17.Kf1 Ra7 18.Rd1 h5 19.Qf4 Rxe4 20.Qxe4 Bxf5 21.Qe3 Bh3+ 22.Kg1 Nc6
23.c3 Qa8 24.f3 Ne7 25.Qg5 Rc7 26.Nc2 Nf5 27.Kf2 Rc5 28.Nf6+ Kh8 29.Qxh5+ Nh6
30.Qxh3 Rf5 31.Nd4 Rxf6 32.Rhe1 Qd5 33.Qh4 Qxa2 34.Re8+ Kh7 35.Qe4+ Rg6 36.Rd2 d5
37.Qd3 Qa1 38.Kg2 b4 39.h4 bxc3 40.bxc3 f5 41.Nxf5 Nxf5 42.Qxf5 Qxc3 43.Rf2 Qc7
44.g4  1-0

[Event "Cattolica"]
[Site "Cattolica"]
[Date "1993.??.??"]
[Round "7"]
[White "Womacka, Mathias"]
[Black "Schlosser, Philipp"]
[Result "1/2-1/2"]
[WhiteElo "2425"]
[BlackElo "2550"]

1.e4 c5 2.Nf3 e6 3.d4 cxd4 4.Nxd4 Nc6 5.Nc3 Qc7 6.f4 a6 7.Be2 Nxd4 8.Qxd4 b5
9.Be3 Bb7 10.Bf3 Rc8 11.a3 Ne7 12.O-O Nc6 13.Qb6 Qxb6 14.Bxb6 d6 15.Rfd1 Be7
16.Rd2 Rg8 17.g3 g5 18.Kf2 Bd8 19.Bxd8 Rxd8 20.Nd1 Ke7 21.Ne3 h6 22.Rad1 h5
23.c4 h4 24.cxb5  1/2-1/2

[Event "JUG-chT"]
[Site "Cetinje"]
[Date "1993.??.??"]
[Round "?"]
[White "Jevtic, Miodrag"]
[Black "Pikula, Dejan"]
[Result "0-1"]
[WhiteElo "2395"]
[BlackElo "2335"]

1.e4 c5 2.Nf3 e6 3.d4 cxd4 4.Nxd4 Nc6 5.Nc3 a6 6.g3 Qb6 7.Nb3 Qc7 8.Bg2 Nf6
9.O-O Be7 10.f4 d6 11.Be3 O-O 12.g4 d5 13.exd5 Rd8 14.g5 Nxd5 15.Nxd5 exd5
16.f5 Qe5 17.Bf4 Qxf5 18.Bc7 Qxg5 19.Bxd8 Bh3 20.Qf3 Qxg2+ 21.Qxg2 Bxg2 22.Kxg2 Rxd8
23.c3 g6 24.Rad1 Ne5 25.Rfe1 f6 26.Re2 Kf7 27.a4 Nc4 28.Nd4 Bc5 29.b3 Ne5
30.h3 Bxd4 31.Rxd4 Rc8 32.Re3 Ke6 33.Rb4 Rc7 34.Rb6+ Ke7 35.Re2 g5 36.a5 h5
37.Rd2 Ng6 38.Kh2 Nf4 39.c4 dxc4 40.bxc4 Rxc4 41.Rdb2 Ra4 42.Rc2 Kf7 43.Rxb7+ Kg6
44.Rb6 Ra3 45.Rxa6 Rxh3+ 46.Kg1 Ra3 47.Ra8 g4 48.a6 g3 49.Rac8 Ra1+ 50.Rc1 Ne2+
51.Kg2 Nxc1  0-1

[Event "JUG-chT"]
[Site "Cetinje"]
[Date "1993.??.??"]
[Round "?"]
[White "Cabrilo, Goran"]
[Black "Paunovic, Dragan"]
[Result "1/2-1/2"]
[WhiteElo "2505"]
[BlackElo "2450"]

1.e4 c5 2.Nf3 Nc6 3.d4 cxd4 4.Nxd4 e6 5.Nc3 Qc7 6.Be2 a6 7.O-O Nf6 8.Be3 Be7
9.f4 d6 10.a4 O-O 11.Qe1 Nxd4 12.Bxd4 e5 13.Be3 exf4 14.Bxf4 Be6 15.Qg3 Nd7
16.Bh6 Qc5+ 17.Kh1 Qe5 18.Bf4 Qc5 19.Nd5 Bxd5 20.Bh6 Qd4 21.exd5 Qe5 22.Qxe5 Nxe5
23.Be3 Bf6 24.c3 Rfe8 25.Rfe1 Re7 26.Bf1 Rae8 27.Bf4 g5 28.Bd2 Ng4 29.Rxe7 Rxe7
30.Kg1 Ne3 31.Bxe3 Rxe3 32.Kf2 Re5 33.Bc4 Bd8 34.a5 b5 35.Be2 Rxd5 36.Rd1 Rxd1
37.Bxd1 Bxa5 38.Bf3 f5 39.Bb7 Bb6+ 40.Kf3 a5 41.Bc8 f4 42.Ba6 b4 43.cxb4 axb4
44.h4 h6 45.hxg5 hxg5 46.Ke4 Kf7 47.Be2 Kf6 48.Bg4 b3 49.Bd1 Be3 50.g4 Bc1
51.Bxb3 Bxb2 52.Bd5 Bc3 53.Bb3 Be1 54.Bd5 Bh4 55.Kd4 Bf2+ 56.Kc4 Ke5 57.Bf3  1/2-1/2

[Event "JUG-chT"]
[Site "Cetinje"]
[Date "1993.??.??"]
[Round "?"]
[White "Vukovic, Zdravko"]
[Black "Abramovic, Bosko"]
[Result "1-0"]
[WhiteElo "2440"]
[BlackElo "2460"]

1.e4 c5 2.Nf3 Nc6 3.d4 cxd4 4.Nxd4 e6 5.Nc3 Qc7 6.Be2 a6 7.O-O Nf6 8.Kh1 Be7
9.f4 d6 10.Be3 O-O 11.Qe1 Nxd4 12.Bxd4 b5 13.a3 Bb7 14.Qg3 Bc6 15.Bd3 Nh5
16.Qh3 g6 17.f5 exf5 18.exf5 Bf6 19.Bxf6 Nxf6 20.Qh4 Kg7 21.Rae1 Rae8 22.Rxe8 Bxe8
23.Qxf6+  1-0

[Event "JUG-chT"]
[Site "Cetinje"]
[Date "1993.??.??"]
[Round "?"]
[White "Vujacic, Borivoje"]
[Black "Paunovic, Dragan"]
[Result "1/2-1/2"]
[WhiteElo "2315"]
[BlackElo "2450"]

1.e4 c5 2.Nf3 Nc6 3.d4 cxd4 4.Nxd4 e6 5.Nc3 Qc7 6.Be2 a6 7.O-O Nf6 8.Be3 Be7
9.f4 d6 10.a4 O-O 11.Kh1 Rd8 12.Bf3 Ne5 13.Ndb5  1/2-1/2

[Event "ARG-chT"]
[Site "Chaco"]
[Date "1993.??.??"]
[Round "2"]
[White "Giaccio, Alfredo"]
[Black "Dorin, Mauricio"]
[Result "1/2-1/2"]
[WhiteElo "2360"]
[BlackElo "2295"]

1.e4 c5 2.Nf3 e6 3.d4 cxd4 4.Nxd4 Nc6 5.Nc3 a6 6.f4 Qc7 7.Be3 b5 8.Be2 Nxd4
9.Qxd4 Ne7 10.O-O Nc6 11.Qd2 Be7 12.e5 Bb7 13.Rad1 Rd8 14.Bf3 Na5 15.Qe2 Nc4
16.Bd4 Nxb2 17.Nxb5 axb5 18.Bxb2 O-O 19.Bd4 Bc6 20.c3 Ra8 21.Rd2 Ra3 22.Be4 Bxe4
23.Qxe4 Qc4 24.Rb1 Rxc3 25.Qe2 Rc1+ 26.Rxc1 Qxc1+ 27.Rd1 Qc6 28.Qd2 Ra8 29.Bf2 Bc5
30.h3 Bxf2+ 31.Qxf2 Ra4 32.Rd2 h6 33.Kh2 Qe4 34.Rxd7 Qxf4+ 35.Qxf4 Rxf4 36.Rb7 Ra4
37.Rxb5 Rxa2 38.Kg3 Ra4 39.Kf3 h5 40.Rc5 Kh7 41.Rb5 h4 42.Rc5 g5 43.g4 Ra3+
44.Kg2 Rg3+ 45.Kh2 Kg6 46.Rb5 Rd3 47.Rb2 Re3 48.Rb5 Kg7 49.Kg2 Re2+ 50.Kf1 Rd2
51.Rb3 Kf8 52.Rb8+ Kg7 53.Rb3 Rd5 54.Re3 Kf8 55.Kg2 Ke7 56.Re2 Kd7 57.Rf2 Ke7
58.Re2 Rd3 59.Rb2 Rg3+ 60.Kh2 Re3 61.Rb7+ Ke8 62.Rb8+ Kd7 63.Rb7+ Kc6 64.Rxf7 Kd5
65.Rg7 Rxe5 66.Kg2 Re2+ 67.Kg1 Re5 68.Kf2 Kd4 69.Rg6 Kd3 70.Kf3 Re3+ 71.Kg2 Re2+
72.Kg1 Re1+  1/2-1/2

[Event "Cheliabinsk"]
[Site "Cheliabinsk"]
[Date "1993.??.??"]
[Round "?"]
[White "Ulibin, Mikhail"]
[Black "Bashkov, Viacheslav"]
[Result "0-1"]
[WhiteElo "2560"]
[BlackElo "2430"]

1.e4 c5 2.Nf3 e6 3.d4 cxd4 4.Nxd4 Nc6 5.Nc3 a6 6.Nxc6 bxc6 7.e5 Qc7 8.f4 d6
9.exd6 Bxd6 10.Ne4 Be7 11.Bd3 Nf6 12.O-O c5 13.Qe2 Nxe4 14.Bxe4 Ra7 15.Be3 O-O
16.b4 Bb7 17.Bd3 Raa8 18.bxc5 Bxc5 19.Rab1 Bd5 20.a4 Rab8 21.Bxc5 Qxc5+ 22.Qf2 Qa5
23.Qd4 g6 24.Rxb8 Rxb8 25.Qe5 Rd8 26.h4 Qxa4 27.h5 Qb4 28.Qf6 Rc8 29.h6 Qf8
30.f5 exf5 31.Bxf5 Rc6 32.Qg5 f6 33.Qg3 Qxh6 34.Bd3 Qg5 35.Qxg5 fxg5 36.Ra1 Bc4
37.Ra5 Bxd3 38.cxd3 Rd6 39.Kf2 Rxd3 40.Rxa6 Rd7 41.Ra5 Rf7+ 42.Kg3 h6 43.Kh3 Kg7
44.g4 Rd7 45.Kg3 Kf6 46.Ra6+ Ke5 47.Kf3 Rd3+ 48.Kf2 Rd6 49.Ra5+ Ke4 50.Kg3 Rd3+
51.Kg2 Re3 52.Ra6 Kf4 53.Rxg6 Kxg4 54.Rxh6 Re2+ 55.Kf1 Ra2 56.Rb6 Kg3 57.Rb3+ Kh2
58.Rb4 Rg2 59.Rc4 g4 60.Rc8 Rg1+ 61.Ke2 g3  0-1

[Event "Clichy"]
[Site "Clichy"]
[Date "1993.??.??"]
[Round "4"]
[White "Lamoureux, Charles"]
[Black "Sokolov, Andrei"]
[Result "0-1"]
[WhiteElo "2345"]
[BlackElo "2555"]

1.e4 c5 2.Nf3 Nc6 3.d4 cxd4 4.Nxd4 e6 5.Nc3 Qc7 6.Be2 a6 7.O-O Nf6 8.Be3 d6
9.f4 Be7 10.a4 O-O 11.Kh1 Re8 12.Bf3 Nd7 13.Qe1 Nxd4 14.Bxd4 b6 15.Qg3 Bf8
16.f5 Ne5 17.Bh5 Qb7 18.f6 g6 19.Bxe5 dxe5 20.Qxe5 Bd7 21.Be2 Rec8 22.Qd4 Rc5
23.Rad1 Be8 24.Rf3 Qc7 25.Qf2 b5 26.axb5 axb5 27.Bd3 b4 28.Ne2 Ra2 29.Nf4 Rxb2
30.Nxe6 fxe6 31.f7+ Bxf7 32.Rf1 Rcxc2 33.Bxc2 Rxc2 34.Qe1 Bh6 35.Qxb4 e5
36.Ra3 Bf8 37.Ra8  0-1

[Event "Copenhagen OBRO"]
[Site "Copenhagen"]
[Date "1993.??.??"]
[Round "2"]
[White "Lilja, Richard"]
[Black "Tolhuizen, Ludo"]
[Result "0-1"]
[WhiteElo "2120"]
[BlackElo "2270"]

1.e4 c5 2.Nf3 e6 3.d4 cxd4 4.Nxd4 Nc6 5.Nc3 a6 6.a3 Qc7 7.Be3 b5 8.Bd3 Bb7
9.O-O Nf6 10.Nxc6 Bxc6 11.Qe2 Be7 12.f4 d6 13.Bd2 O-O 14.Rf3 e5 15.Rg3 Kh8
16.Nd5 Bxd5 17.exd5 Qc5+ 18.Kh1 Qxd5 19.fxe5 dxe5 20.Bc3 e4 21.Rf1 Qe6 22.Bxf6 Bxf6
23.Bxe4 Rae8 24.Re1 g6 25.Qf2 Bh4 26.Qd4+ Qe5 27.Rd1 Qxd4 28.Rxd4 f5 29.Rh3 Rxe4  0-1

[Event "Copenhagen OBRO"]
[Site "Copenhagen"]
[Date "1993.??.??"]
[Round "4"]
[White "Bus, Mariusz"]
[Black "Nielsen, Uffe V"]
[Result "1/2-1/2"]
[WhiteElo "2375"]
[BlackElo "2350"]

1.e4 c5 2.Nc3 e6 3.Nf3 Nc6 4.d4 cxd4 5.Nxd4 Qc7 6.f4 a6 7.Nxc6 Qxc6 8.Bd3 b5
9.Qe2 Bb7 10.O-O Bc5+ 11.Be3 Ne7 12.Bxc5 Qxc5+ 13.Kh1 f6 14.a4 b4 15.Nb1 O-O
16.Nd2 a5 17.Rad1  1/2-1/2

[Event "CZE Tschechien-ch"]
[Site "?"]
[Date "1993.??.??"]
[Round "7"]
[White "Trefny, Vlastimil"]
[Black "Efler, David"]
[Result "1-0"]
[WhiteElo "2220"]
[BlackElo "2305"]

1.e4 c5 2.Nf3 e6 3.d4 cxd4 4.Nxd4 Nc6 5.Nc3 a6 6.Bf4 Qf6 7.Be3 Bb4 8.Be2 Nge7
9.O-O O-O 10.f4 Bxc3 11.bxc3 e5 12.Nxc6 bxc6 13.c4 exf4 14.Bxf4 Qe6 15.Bd6 Re8
16.c5 a5 17.Re1 Ng6 18.Bg4 Qf6 19.Rf1 Qg5 20.Qf3 f6 21.h3 Ne5 22.Qb3+ Kh8
23.Rf5 Qh6 24.Bxe5 fxe5 25.Qf7 Ba6 26.Rd1 Qe3+ 27.Kh1 Qxc5 28.Rxd7 Qf8 29.Qh5 Qg8
30.Rff7 Bc4 31.Rxg7 Qxg7 32.Rxg7 Kxg7 33.Qg5+ Kf7 34.Bh5+ Ke6  1-0

[Event "CZE-ch"]
[Site "?"]
[Date "1993.??.??"]
[Round "5"]
[White "Dobrovolsky, Ladislav"]
[Black "Langner, Ladislav"]
[Result "1/2-1/2"]
[WhiteElo "2390"]
[BlackElo "2345"]

1.e4 c5 2.Nf3 Nc6 3.Nc3 e6 4.d4 cxd4 5.Nxd4 Nf6 6.Nxc6 dxc6 7.Qxd8+ Kxd8
8.f3 Bb4 9.Bd2 e5 10.O-O-O Ke7 11.Bc4 Be6 12.Nd5+ Nxd5 13.exd5 Bxd2+ 14.Rxd2 cxd5
15.Bxd5 Rhd8  1/2-1/2

[Event "CZE-ch"]
[Site "?"]
[Date "1993.??.??"]
[Round "8"]
[White "Rasik, Vitezslav"]
[Black "Biolek, Richard"]
[Result "1/2-1/2"]
[WhiteElo "2415"]
[BlackElo "2415"]

1.e4 c5 2.Nf3 e6 3.d4 cxd4 4.Nxd4 Nc6 5.Nc3 Qc7 6.g3 a6 7.Bg2 Nf6 8.O-O Be7
9.Re1 O-O 10.Nxc6 dxc6 11.e5 Nd5 12.Qg4 Kh8 13.Bg5 Nxc3 14.bxc3 Bxg5 15.Qxg5 Bd7
16.Rad1 Rae8 17.Qh5 Bc8 18.Rd4 Qe7 19.Rh4 h6 20.Rf4 Qg5 21.Qxg5 hxg5 22.Rg4 f6
23.f4 gxf4 24.Rxf4 fxe5 25.Rh4+ Kg8 26.Be4  1/2-1/2

[Event "CZE-chT"]
[Site "?"]
[Date "1993.??.??"]
[Round "?"]
[White "Trichkov, Vasil"]
[Black "Efler, David"]
[Result "1-0"]
[WhiteElo "2395"]
[BlackElo "2305"]

1.e4 c5 2.Nf3 e6 3.d4 cxd4 4.Nxd4 Nc6 5.Nc3 d6 6.g3 Nf6 7.Bg2 Bd7 8.O-O a6
9.a4 Be7 10.Nb3 b6 11.g4 Rc8 12.g5 Ng8 13.f4 h6 14.h4 hxg5 15.hxg5 b5 16.axb5 Qb6+
17.Rf2 axb5 18.Qe2 b4 19.Be3 Qd8 20.Nb5 Rb8 21.Rd1 Rxb5 22.Qxb5 e5 23.Qd5 exf4
24.Bxf4 Qb6 25.e5 Rh4 26.Bg3  1-0

[Event "DEN-chT9394"]
[Site "DEN"]
[Date "1993.??.??"]
[Round "1"]
[White "Hoiberg, Nina"]
[Black "Nielsen, Uffe V"]
[Result "0-1"]
[WhiteElo "2230"]
[BlackElo "2350"]

1.e4 c5 2.Nf3 e6 3.d4 cxd4 4.Nxd4 Nc6 5.Nc3 Qc7 6.Be2 a6 7.O-O Nf6 8.Be3 Be7
9.f4 d6 10.a4 O-O 11.Bf3 Re8 12.Kh1 Rb8 13.Qd2 Na5 14.Qf2 Nc4 15.Bc1 e5 16.Nde2 exf4
17.Nxf4 Be6 18.Ncd5 Bxd5 19.exd5 Ne5 20.Bd1 Qc4 21.b3 Qc3 22.Rb1 Ne4 23.Qe2 f5
24.Bb2 Qd2 25.Bc1 Qxe2 26.Nxe2 Ng4 27.h3 Ngf2+ 28.Kg1 Nxd1 29.Rxd1 Bd8 30.Kf1 Bb6
31.c4 g5 32.Bb2 Be3 33.Bc3 f4 34.Rb2 Rf8 35.Bd4 Rbe8 36.Ng1 Ng3+  0-1

[Event "Dhaka"]
[Site "Dhaka"]
[Date "1993.??.??"]
[Round "?"]
[White "Rahman, Zillur"]
[Black "Mishra, Neeraj Kumar"]
[Result "0-1"]
[WhiteElo "2320"]
[BlackElo "2365"]

1.e4 c5 2.Nf3 e6 3.d4 cxd4 4.Nxd4 Nc6 5.Nc3 a6 6.Be3 Qc7 7.Be2 Nf6 8.O-O Bb4
9.Na4 O-O 10.c4 Be7 11.Nc3 d6 12.f4 Bd7 13.Nb3 Rac8 14.Qe1 Rfe8 15.g4 h6
16.h4 d5 17.e5 Ne4 18.Nxe4 dxe4 19.g5 Nb4 20.Qg3 h5 21.Bxh5 Qxc4 22.Rac1 Nc2
23.Bd1 Nxe3 24.Rxc4 Nxf1 25.Qc3 Rxc4 26.Qxc4 Ng3 27.Qc7 Bc6 28.Qb6 Nf5 29.Na5 Rd8
30.Bg4 Rd5 31.b4 Bd8 32.Qa7 Bxa5 33.bxa5 Nxh4 34.Qb8+ Kh7 35.Qf8 Rd7 36.Bh5 Ng6
37.Bxg6+ Kxg6 38.Kf2 Rd3 39.f5+ exf5 40.Qe7 Bd5 41.e6 fxe6 42.Qe8+ Kxg5 43.Qh8 g6
44.Qa1 f4 45.a4 Rd2+ 46.Ke1 e3 47.Qg7 Rg2 48.Qe5+ Kg4 49.Qf6 Kf3  0-1

[Event "Arab-ch8 Doha"]
[Site "Doha"]
[Date "1993.??.??"]
[Round "3"]
[White "Hamid, Mansour Kadi"]
[Black "Al Modiahki, Mohamad"]
[Result "0-1"]
[WhiteElo "2270"]
[BlackElo "2380"]

1.e4 c5 2.Nf3 e6 3.d4 cxd4 4.Nxd4 Nc6 5.Nc3 Qc7 6.Be2 a6 7.O-O Nf6 8.Be3 Bb4
9.Nxc6 bxc6 10.Qd4 Bd6 11.f4 e5 12.Qd2 Rb8 13.Rad1 exf4 14.Qxd6 Qxd6 15.Rxd6 fxe3
16.e5 Nd5 17.Nxd5 cxd5 18.b3 Bb7 19.Rb6 Ke7 20.Rf3 Rhc8 21.Bd3 d4 22.Rf4 Rc5
23.Rxd4 Rxe5 24.Be2 Bf3 25.Rxb8 Bxe2 26.Rb7 Bb5 27.Rd1 f5 28.a4 Bc6 29.Rb4 g5
30.Rbd4 f4 31.h4 h6 32.c3 a5 33.Re1 Ke6 34.Kf1 Kf5 35.Rd6 Kg4 36.Rxh6 gxh4
37.Rg6+ Kh5 38.Rf6 Kg5 39.Rf7 h3 40.gxh3 f3 41.Rg7+ Kh4 42.Rh7+ Kg3 43.Rg7+ Kxh3
44.Rg6 Kh4 45.Rd6 Kg3 46.Rg6+ Kf4 47.Rf6+ Ke4 48.Rd6 Bd5 49.Rxd7 Bxb3 50.Rd4+ Kf5
51.Rb1 Kg5 52.Ke1 Bf7 53.Rb5 f2+  0-1

[Event "Arab-ch8 Doha"]
[Site "Doha"]
[Date "1993.??.??"]
[Round "5"]
[White "El Taher, Fouad"]
[Black "Hamid, Mansour Kadi"]
[Result "0-1"]
[WhiteElo "2400"]
[BlackElo "2270"]

1.e4 c5 2.Nf3 e6 3.d4 cxd4 4.Nxd4 Nc6 5.Nc3 Qc7 6.Be2 a6 7.O-O Nf6 8.Kh1 Bb4
9.Bg5 Bxc3 10.Bxf6 gxf6 11.bxc3 Ne5 12.f4 Nc4 13.Qd3 b5 14.a4 Nb2 15.Qg3 Nxa4
16.Qg7 Rf8 17.Qxf6 Bb7 18.Bf3 Qd8 19.Qg7 Qb6 20.Qf6 Qd8 21.Qe5 d6 22.Qh5 Nc5
23.f5 e5 24.Ne6 Nxe6 25.fxe6 Qf6 26.exf7+ Qxf7 27.Qg5 Qg8 28.Qe3 O-O-O 29.Qb6 Qg7
30.Rfb1 Qc7 31.Bg4+ Kb8 32.Rxa6 Qxb6 33.Rxb6 Kc7 34.R6xb5 Bxe4 35.R5b4 Rb8
36.Kg1 Rxb4 37.cxb4 Kb6 38.Rd1 d5 39.Re1 Kb5 40.Bf3 Bxf3 41.gxf3 Rf5 42.Rd1 d4
43.Rd3 Kxb4 44.Kf2 Kc4 45.Kg3 Rg5+ 46.Kf2 h5 47.h4 Rg7 48.Ra3 Rf7 49.Ke2 Rf4
50.Ra5 Rxh4 51.Rxe5 Rh2+ 52.Kd1 h4 53.Rg5 Rh1+ 54.Ke2 h3 55.Kf2 Kc3 56.Rc5+ Kb2
57.Kg3 h2 58.f4 Rc1 59.Kxh2 d3 60.Rb5+ Kxc2  0-1

[Event "Dortmund op-A"]
[Site "Dortmund"]
[Date "1993.??.??"]
[Round "2"]
[White "Micic, Jordanka"]
[Black "Nikitin, Aleksander S"]
[Result "0-1"]
[WhiteElo "2280"]
[BlackElo "2420"]

1.e4 c5 2.Nf3 Nc6 3.d4 cxd4 4.Nxd4 e6 5.Nc3 d6 6.Be3 Be7 7.Be2 Nf6 8.O-O O-O
9.f4 Bd7 10.Qe1 Qc7 11.Qg3 a6 12.a4 Kh8 13.Kh1 Rac8 14.Nb3 Nb4 15.Rac1 e5
16.a5 Be6 17.Bb6 Qb8 18.Nd2 exf4 19.Qxf4 Nd7 20.Bg1 Qc7 21.Nb3 Qd8 22.Be3 Nxc2
23.Rxc2 Bxb3 24.Rd2 Ne5 25.Bb6 Bg5 26.Qg3 Qe7 27.Nd5 Bxd5 28.Rxd5 Rc2 29.Bd1 Rc1
30.Bd4 f6 31.Be2 Rfc8 32.Bc3 Rxf1+ 33.Bxf1 Rc6 34.Be2 Ng6 35.Bd1 Bf4 36.Qf3 Be5
37.Ba4 Rc8 38.Qg4 Rd8 39.Rd3 Nf4 40.Rf3 Bxc3 41.Qxf4 Bxa5 42.Ra3 d5 43.Bc2 Qb4
44.Qh4 h6 45.Rd3 Qxb2 46.Bd1 Qb1 47.Qh3 dxe4 48.Rxd8+ Bxd8 49.Qh5 Qb5 50.Qxb5 axb5
51.Kg1 f5 52.Bb3 g6 53.Bd5 b4 54.Kf1 Kg7  0-1

[Event "Dortmund op-A"]
[Site "Dortmund"]
[Date "1993.??.??"]
[Round "8"]
[White "Brendel, Oliver"]
[Black "Kochyev, Alexander"]
[Result "0-1"]
[WhiteElo "2355"]
[BlackElo "2475"]

1.e4 c5 2.Nf3 e6 3.d4 cxd4 4.Nxd4 Nc6 5.Nc3 a6 6.f4 Nge7 7.Nf3 Ng6 8.Be3 b5
9.f5 Nge5 10.Nxe5 Nxe5 11.fxe6 dxe6 12.Qxd8+ Kxd8 13.O-O-O+ Ke8 14.Be2 Bb4
15.Rhf1 f6 16.a3 Be7 17.Bf4 Bd7 18.h4 Rc8 19.g4 Bxa3 20.bxa3 Rxc3 21.g5 Rxa3
22.Kb2 Ra4 23.gxf6 gxf6 24.Bxe5 fxe5 25.Bh5+ Kd8 26.c3 Kc8 27.Rf7 Be8 28.Rg7 Bxh5
29.Rdd7 Rc4 30.Ra7 Kd8 31.Rgd7+ Ke8 32.Rd6 Rf8 33.Rxe6+ Kd8 34.Rxe5 Rf2+
35.Kb1 Rxe4  0-1

[Event "Dortmund op-A"]
[Site "Dortmund"]
[Date "1993.??.??"]
[Round "8"]
[White "Brunner, Lucas"]
[Black "Nikitin, Aleksander S"]
[Result "1/2-1/2"]
[WhiteElo "2455"]
[BlackElo "2420"]

1.e4 c5 2.Nf3 e6 3.d4 cxd4 4.Nxd4 Nc6 5.Nc3 d6 6.g3 Nf6 7.Bg2 Bd7 8.O-O Be7
9.Nxc6 Bxc6 10.a4 O-O 11.Be3 Qc7 12.Qe2 Rfd8 13.Rfd1 b6 14.Rd4 Qb7 15.Rad1 a6
16.f4 Rac8 17.Rc4 Rb8 18.e5  1/2-1/2

[Event "Dortmund op-A"]
[Site "Dortmund"]
[Date "1993.??.??"]
[Round "9"]
[White "Wegener, Dirk"]
[Black "Roesemann, Rainer"]
[Result "1-0"]
[WhiteElo "2305"]
[BlackElo "2195"]

1.e4 c5 2.Nf3 e6 3.d4 cxd4 4.Nxd4 Nc6 5.Nc3 Qc7 6.Be3 a6 7.Bd3 Nf6 8.O-O Ne5
9.h3 Nc4 10.Bxc4 Qxc4 11.e5 Nd5 12.Ne4 Qc7 13.Qh5 b5 14.Qg5 Bb7 15.Rfe1 Be7
16.Qxg7 O-O-O 17.Nf3 Rhg8 18.Qxf7 Rdf8 19.Qh5 Nxe3 20.Rxe3 Bxe4 21.Rxe4 Qxc2
22.Rae1 Bc5 23.R4e2 Qd3 24.Rd2 Qxf3 25.Qxf3 Rxf3 26.Rc1 Rxh3 27.Rxc5+ Kd8
28.Rc6 Ke7 29.Rc7 Rh5 30.Rcxd7+ Kf8 31.Ra7  1-0

[Event "Eger op"]
[Site "Eger"]
[Date "1993.??.??"]
[Round "3"]
[White "Sziebert, Adam"]
[Black "Dovzik, Juri"]
[Result "0-1"]
[WhiteElo "2285"]
[BlackElo "2370"]

1.e4 c5 2.Nf3 Nc6 3.Nc3 e6 4.d4 cxd4 5.Nxd4 Nf6 6.Ndb5 d6 7.Bf4 e5 8.Bg5 a6
9.Na3 b5 10.Nd5 Be7 11.Nxe7 Nxe7 12.Bxf6 gxf6 13.c4 Qa5+ 14.Qd2 Qxd2+ 15.Kxd2 b4
16.Nc2 a5 17.Rd1 Be6 18.g3 f5 19.Kc1 Rd8 20.exf5 Nxf5 21.b3 Ke7 22.Bg2 Rc8
23.Rd2 Rc5 24.Rhd1 Rd8 25.Bd5 h6 26.f4 exf4 27.gxf4 Bxd5 28.Rxd5 Rdc8 29.Rxc5 Rxc5
30.Re1+ Kd7 31.Kd2 Rc8 32.Ne3 Nxe3 33.Rxe3 Rc5 34.Kd3 Rh5 35.h3 Kc6 36.Ke4 Kc5
37.Rd3 f5+  0-1

[Event "Eger"]
[Site "Eger"]
[Date "1993.??.??"]
[Round "8"]
[White "Feher, Gyula"]
[Black "Krockenberger, Martin"]
[Result "1/2-1/2"]
[WhiteElo "2380"]
[BlackElo "2305"]

1.e4 c5 2.Nf3 e6 3.d4 cxd4 4.Nxd4 Nc6 5.Nc3 Qc7 6.Be2 a6 7.O-O Nf6 8.Kh1 Be7
9.f4 d6 10.Be3 O-O 11.a4 Re8 12.Bf3 Rb8 13.Qe1 Bd7 14.Nb3 b6 15.Rd1 Bc8 16.Qg3  1/2-1/2

[Event "Narancs Cup"]
[Site "Eger"]
[Date "1993.??.??"]
[Round "9"]
[White "Meszaros, Andras"]
[Black "Feher, Gyula"]
[Result "1/2-1/2"]
[WhiteElo "2390"]
[BlackElo "2380"]

1.e4 c5 2.Nf3 e6 3.d4 cxd4 4.Nxd4 Nc6 5.Nc3 d6 6.Be3 Qc7 7.Qe2 Nf6 8.g4 h6
9.Ndb5 Qb8 10.f4 a6 11.g5 hxg5 12.fxg5 Nxe4 13.Bb6 Nxc3 14.Nxc3 Be7 15.g6 fxg6
16.O-O-O Bd7 17.Bg2 O-O 18.Bh3 Qc8 19.Rhg1 d5 20.Rxg6 Bf6 21.Rdg1 Ne7 22.Rh6 Rf7
23.Qh5 g6 24.Rhxg6+ Nxg6 25.Qxg6+ Bg7 26.Bd4 Qf8 27.Nxd5 exd5 28.Bxd7 Rf1+
29.Rxf1 Qxf1+ 30.Kd2 Qf4+ 31.Be3 Qxh2+ 32.Kd3 Qh7 33.Be6+ Kh8 34.Qxh7+ Kxh7
35.Bxd5 Rd8 36.Ke4 b5 37.c4 bxc4 38.Bxc4  1/2-1/2

[Event "Elenite"]
[Site "Elenite"]
[Date "1993.??.??"]
[Round "7"]
[White "Smirin, Ilia"]
[Black "Khenkin, Igor"]
[Result "1/2-1/2"]
[WhiteElo "2640"]
[BlackElo "2570"]

1.e4 c5 2.Nf3 e6 3.Nc3 Nc6 4.d4 cxd4 5.Nxd4 Nf6 6.Ndb5 Bb4 7.a3 Bxc3+ 8.Nxc3 d5
9.exd5 exd5 10.Bd3 O-O 11.O-O d4 12.Ne2 Qd5 13.Nf4 Qd6 14.Nh5 Nxh5 15.Qxh5 h6
16.Re1 Bd7 17.Qf3 Rfe8 18.Bf4 Qf6 19.Qg3 Kh8 20.h3 Bf5 21.Bxh6 gxh6 22.Qf4 Ne7
23.g4 Qg6 24.Bxf5 Nxf5 25.Qxf5 Qxf5 26.gxf5 Kg7 27.Rad1  1/2-1/2

[Event "ESP-ch playoff"]
[Site "?"]
[Date "1993.??.??"]
[Round "6"]
[White "Romero Holmes, Alfonso"]
[Black "Garcia Ilundain, David"]
[Result "1/2-1/2"]
[WhiteElo "2440"]
[BlackElo "2480"]

1.e4 c5 2.Nf3 Nc6 3.Nc3 e6 4.d4 cxd4 5.Nxd4 Nf6 6.Ndb5 d6 7.Bf4 e5 8.Bg5 a6
9.Na3 b5 10.Bxf6 gxf6 11.Nd5 Bg7 12.Bd3 Ne7 13.Nxe7 Qxe7 14.O-O O-O 15.c3 f5
16.Nc2 Bb7 17.exf5 Qg5 18.f3 Kh8 19.Qc1 Qh5 20.Qe1 Rg8 21.Ne3 d5 22.Bc2 Rae8
23.Qf2  1/2-1/2

[Event "ESP-ch"]
[Site "?"]
[Date "1993.??.??"]
[Round "3"]
[White "Candela Perez, Jose"]
[Black "De la Riva Aguado, Oscar"]
[Result "1/2-1/2"]
[WhiteElo "2315"]
[BlackElo "2400"]

1.e4 c5 2.Nf3 e6 3.d4 cxd4 4.Nxd4 Nc6 5.Nc3 Qc7 6.Be2 a6 7.f4 b5 8.Nxc6 Qxc6
9.Bf3 Bb7 10.Qd3 Rc8 11.Be3 Bb4 12.Bd4 Nf6 13.O-O-O Qc4 14.Kb1 Qxd3 15.cxd3 d6
16.Rc1 Bc5  1/2-1/2

[Event "ESP-ch"]
[Site "?"]
[Date "1993.??.??"]
[Round "4"]
[White "Blazquez Gomez, Juan Carlos"]
[Black "Sion Castro, Marcelino"]
[Result "0-1"]
[WhiteElo "2280"]
[BlackElo "2385"]

1.e4 c5 2.Nf3 e6 3.d4 cxd4 4.Nxd4 Nc6 5.Nc3 a6 6.Be3 Qc7 7.Bd3 Nf6 8.O-O Bd6
9.Nxc6 bxc6 10.f4 e5 11.f5 Be7 12.Qf3 Bb7 13.Na4 d5 14.Bb6 Qb8 15.Kh1 c5
16.Be2 Nxe4 17.Ba5 Bc6 18.Nc3 Nf6 19.Qg3 O-O 20.Rae1 Qxb2 21.Rb1 Qxc2 22.Bd3 Qxb1
23.Bxb1 Bd6 24.Nd1 Rab8 25.Nf2 Nd7 26.f6 Nxf6 27.Nh3 Nh5 28.Qh4 g6 29.Ng5 f5
30.Ne6 Rf7 31.Nd8 Be7 32.Qxe7 Rxe7 33.Nxc6 Rbb7 34.Nxe7+ Rxe7 35.g3 Rb7 36.Bd2 Nf6
37.Bg5 Kf7 38.Bxf5 gxf5 39.Rxf5 Kg6 40.Rxe5 Rb1+ 41.Kg2 Rb2+ 42.Kf3 Rf2+
43.Kxf2 Ng4+ 44.Ke2 Nxe5 45.Be7 c4 46.Ke3 Kf5 47.h3 d4+ 48.Kxd4 Nc6+ 49.Kxc4 Nxe7
50.Kd4 Nc6+ 51.Kc5 Ne5 52.Kb6 Nd3 53.a3 Nb2 54.Kxa6 Ke4 55.Kb6 Kf3 56.g4 Kg3
57.Kc5 Kxh3 58.g5 Kg4 59.Kd4 Kxg5 60.Kc3 h5 61.Kd2 Kg4 62.Ke2 Kg3 63.Kf1 h4  0-1

[Event "ESP-ch"]
[Site "?"]
[Date "1993.??.??"]
[Round "5"]
[White "De la Villa Garcia, Jesus Maria"]
[Black "Anguix Garrido, Juan Francisco"]
[Result "0-1"]
[WhiteElo "2440"]
[BlackElo "2340"]

1.e4 c5 2.Nf3 e6 3.Nc3 Nc6 4.d4 cxd4 5.Nxd4 Nf6 6.Ndb5 d6 7.Bf4 e5 8.Bg5 a6
9.Na3 b5 10.Bxf6 gxf6 11.Nd5 f5 12.Bd3 Be6 13.O-O Bg7 14.Qh5 f4 15.c4 b4
16.Nc2 a5 17.Rad1 Rb8 18.b3 h6 19.Be2 Qg5 20.h3 Rb7 21.Bg4 O-O 22.Rd3 Ra8
23.Ra1 Nd4 24.Qxg5 hxg5 25.Nxd4 exd4 26.a3 Bxd5 27.exd5 a4 28.axb4 Rxb4 29.Bd7 a3
30.Bb5 a2 31.Ba4 Raxa4 32.bxa4 Rb1+ 33.Rd1 Rxd1+ 34.Rxd1 d3 35.Kf1 a1=Q 36.Rxa1 Bxa1
37.a5 Bd4 38.a6 Kg7 39.f3 Kf6 40.Ke1 Be3  0-1

[Event "ESP-ch"]
[Site "?"]
[Date "1993.??.??"]
[Round "5"]
[White "Rojo Huerta, Gabriel"]
[Black "De la Riva Aguado, Oscar"]
[Result "1/2-1/2"]
[WhiteElo "2300"]
[BlackElo "2400"]

1.e4 c5 2.Nf3 e6 3.d4 cxd4 4.Nxd4 Nc6 5.Nc3 Qc7 6.Be2 a6 7.O-O Nf6 8.Kh1 Bb4
9.Bg5 Ne7 10.Qd3 b6 11.f4 Bxc3 12.bxc3 Bb7 13.Bxf6 gxf6 14.Bh5 Ng6 15.Qe3 O-O-O
16.Rab1 Qc5 17.f5 Ne5 18.fxe6 dxe6 19.Rxf6 Nd7  1/2-1/2